000 00597nam a2200241Ia 4500
003 OSt
005 20221005100102.0
006 a|||||r|||| 00| 0
007 ta
008 221004b |||||||| |||| 00| 0 mar d
024 _a40124
037 _cTextual
040 _aCRL
_cCRL
_bmar
041 _2mar
_amar
082 _aO15,1xD6, 155F2
100 _aKalidas
245 0 _aSanskritvipachak
260 _aPune
_bIndia
300 _a232p.
_ccm.
650 _aSANSKRIT LITERATURE
942 _hO15,1xD6, 155F2
_cTEXL
_2cc
999 _c1004622
_d1004622